| 000 | 01750nam0a2200409 4500 | ||
|---|---|---|---|
| 001 | RU\NLR\bibl\367395 | ||
| 005 | 20260406084958.0 | ||
| 010 |
_a5-86866-219-9 _95000 |
||
| 021 |
_aRU _b2002-60017 _92916 |
||
| 035 | _a(NLR Aleph) 000361957 | ||
| 090 |
_a341405 _c341405 |
||
| 100 | _a20030211d2002 |||y0rusy50 ca | ||
| 101 | 0 | _arus | |
| 102 | _aRU | ||
| 105 | _ay ||||||||| | ||
| 200 | 1 |
_aКнига для учителя с поурочным планированием и ключами к учебнику английского языка "Enjoy Englich 5" _eДля 8-го кл. общеобразоват. шк. при начале обучения с 1-2 кл. _fМ. З. Биболетова, Н. Н. Трубанева |
|
| 210 |
_aОбнинск _cТитул _d2002 |
||
| 215 |
_a55 с. _d28 |
||
| 300 | _aНа обл. авт. не указаны | ||
| 300 | _aАнгл., рус. | ||
| 300 | _aЗагл. обл. Enjoy English 5 | ||
| 606 | 0 |
_aАнглийский язык _xУроки _xПланы _92080877 _3RU\NLR\auth\661256829 |
|
| 610 | 0 | _aАнглийский язык - Метод. пособия | |
| 610 | 0 | _aУрок - Планирование | |
| 675 |
_a373.5.016:811.111 _v3 _zrus |
||
| 686 |
_a14.23 _2rugasnti |
||
| 686 |
_a74.268.1Англ _2rubbk |
||
| 686 | _aЧ426.179Ан.2(2)-260.21 | ||
| 700 | 1 |
_4070 _8rus _7ca _aБиболетова _bМ. З. _gМерем Забатовна _3RU\NLR\AUTH\7753799 _936731 |
|
| 701 | 1 |
_4070 _8rus _7ca _aТрубанева _bН. Н. _gНаталья Николаевна _3RU\NLR\AUTH\7725350 _98399 |
|
| 801 | 0 |
_aRU _bRKP _c20030211 _gPSBO |
|
| 801 | 1 |
_aRU _bRKP _c20030211 |
|
| 801 | 2 |
_aRU _bNLR _c20070831 _grcr |
|
| 942 | _cBOOK | ||
| 980 | _aNB | ||